Исследование и оптимизация процесса получения и спекаемости порошков UO2; Функциональные материалы: разработка, исследование, применение

Podrobná bibliografie
Parent link:Функциональные материалы: разработка, исследование, применение.— 2014.— [С. 60]
Hlavní autor: Тлеукенов Е. О.
Korporativní autor: Национальный исследовательский Томский политехнический университет
Další autoři: Каренгин А. Г. Александр Григорьевич (научный руководитель)
Shrnutí:Заглавие с титульного экрана
Jazyk:ruština
Vydáno: 2014
Edice:Методы исследования и изготовления функциональных материалов
Témata:
On-line přístup:http://earchive.tpu.ru/handle/11683/70066
http://www.lib.tpu.ru/fulltext/c/2014/C96/058.pdf
Médium: MixedMaterials Elektronický zdroj Kapitola
KOHA link:https://koha.lib.tpu.ru/cgi-bin/koha/opac-detail.pl?biblionumber=611602

MARC

LEADER 00000naa2a2200000 4500
001 611602
005 20250506140531.0
035 |a (RuTPU)RU\TPU\conf\9398 
035 |a RU\TPU\conf\9397 
090 |a 611602 
100 |a 20150403d2014 k y0rusy50 ca 
101 0 |a rus 
102 |a RU 
105 |a y z 101zy 
135 |a drgn ---uucaa 
181 0 |a i  
182 0 |a b 
200 1 |a Исследование и оптимизация процесса получения и спекаемости порошков UO2  |f Е. О. Тлеукенов  |g науч. рук. А. Г. Каренгин 
203 |a Текст  |c электронный 
225 1 |a Методы исследования и изготовления функциональных материалов 
300 |a Заглавие с титульного экрана 
337 |a Adobe Reader 
463 0 |0 (RuTPU)RU\TPU\conf\9214  |t Функциональные материалы: разработка, исследование, применение  |o сборник тезисов докладов II Всероссийского конкурса научных докладов студентов, г.Томск, г.Тамбов, 22-23 мая 2014 г.  |f Национальный исследовательский Томский политехнический университет (ТПУ) ; Национальный исследовательский Томский государственный университет (ТГУ) ; Тамбовский государственный университет имени Г. Р. Державина ; ред. кол. А. Ю. Годымчук ; И. А. Курзина ; А. А. Гусев  |v [С. 60]  |d 2014 
610 1 |a труды учёных ТПУ 
610 1 |a электронный ресурс 
610 1 |a исследования 
610 1 |a оптимизация 
610 1 |a получение 
610 1 |a спекаемость 
610 1 |a порошки 
610 1 |a диоксид урана 
610 1 |a таблетки 
700 1 |a Тлеукенов  |b Е. О. 
702 1 |a Каренгин  |b А. Г.  |c физик  |c доцент Томского политехнического университета, кандидат физико-математических наук  |f 1950-  |g Александр Григорьевич  |4 727 
712 0 2 |a Национальный исследовательский Томский политехнический университет  |c (2009- )  |9 26305 
801 2 |a RU  |b 63413507  |c 20220315  |g RCR 
850 |a 63413507 
856 4 |u http://earchive.tpu.ru/handle/11683/70066 
856 4 |u http://www.lib.tpu.ru/fulltext/c/2014/C96/058.pdf 
942 |c BK